The story of Sarawak (Record no. 4227)
[ view plain ]
| 000 -LEADER | |
|---|---|
| fixed length control field | nam a22 a 4500 |
| 003 - CONTROL NUMBER IDENTIFIER | |
| control field | AKMAL |
| 005 - DATE AND TIME OF LATEST TRANSACTION | |
| control field | 20170525154136.0 |
| 008 - FIXED-LENGTH DATA ELEMENTS--GENERAL INFORMATION | |
| fixed length control field | 170525s1967 my e 000 0 eng d |
| 039 #9 - LEVEL OF BIBLIOGRAPHIC CONTROL AND CODING DETAIL [OBSOLETE] | |
| Level of rules in bibliographic description | 200805231130 |
| Level of effort used to assign nonsubject heading access points | rfid1 |
| Level of effort used to assign subject headings | 200704121112 |
| Level of effort used to assign classification | rosmini |
| 040 ## - CATALOGING SOURCE | |
| Original cataloging agency | AKMAL |
| Transcribing agency | AKMAL |
| 090 04 - LOCALLY ASSIGNED LC-TYPE CALL NUMBER (OCLC); LOCAL CALL NUMBER (RLIN) | |
| Classification number (OCLC) (R) ; Classification number, CALL (RLIN) (NR) | 959.54 MUL |
| 090 00 - LOCALLY ASSIGNED LC-TYPE CALL NUMBER (OCLC); LOCAL CALL NUMBER (RLIN) | |
| Classification number (OCLC) (R) ; Classification number, CALL (RLIN) (NR) | 959.54 |
| Local cutter number (OCLC) ; Book number/undivided call number, CALL (RLIN) | MUL |
| 100 1# - MAIN ENTRY--PERSONAL NAME | |
| Personal name | Mullen, Vernon |
| 9 (RLIN) | 8276 |
| 245 14 - TITLE STATEMENT | |
| Title | The story of Sarawak |
| 250 ## - EDITION STATEMENT | |
| Edition statement | 2d ed. |
| 260 ## - PUBLICATION, DISTRIBUTION, ETC. | |
| Place of publication, distribution, etc. | Kuala Lumpur : |
| Name of publisher, distributor, etc. | Oxford University Press, in assoc. with Borneo Literature Bureau, |
| Date of publication, distribution, etc. | 1967 |
| 300 ## - PHYSICAL DESCRIPTION | |
| Extent | viii, 80p. : |
| Other physical details | maps, photos ; |
| Dimensions | 23cm |
| 651 #0 - SUBJECT ADDED ENTRY--GEOGRAPHIC NAME | |
| Geographic name | Sarawak |
| General subdivision | History |
| 9 (RLIN) | 8277 |
| 710 ## - ADDED ENTRY--CORPORATE NAME | |
| Corporate name or jurisdiction name as entry element | Borneo Literature Bureau |
| 9 (RLIN) | 8278 |
| 942 ## - ADDED ENTRY ELEMENTS (KOHA) | |
| Source of classification or shelving scheme | |
| Koha item type | Book |
| Withdrawn status | Lost status | Source of classification or shelving scheme | Damaged status | Not for loan | Collection code | Home library | Current library | Date acquired | Inventory number | Total Checkouts | Full call number | Barcode | Date last seen | Price effective from | Koha item type |
|---|---|---|---|---|---|---|---|---|---|---|---|---|---|---|---|
| NON-FICTION | AKMAL Melaka | AKMAL Melaka | 25.05.2017 | 900067 | 959.54 MUL | 201705365 | 25.05.2017 | 25.05.2017 | Book |
